Gares les plus fréquentées de France - Statistiques

Statistiques générales
  • Ce quiz a été pris 316 fois
  • Le résultat moyen est 13 sur 30
Statistiques - réponses
Nombre de voyageurs (en millions par an) Gare % Correct
257,024 Gare du Nord
96%
113,224 Gare de Lyon
90%
17,863 Gare de Marseille-Saint-Charles
89%
68,925 Gare Montparnasse
89%
42,725 Gare de l'Est
85%
23,006 Gare de Bordeaux-Saint-Jean
80%
38,268 Gare d'Haussmann - Saint-Lazare
77%
114,093 Gare Saint-Lazare
77%
42,434 Gare de Lyon-Part-Dieu
75%
24,568 Gare de Strasbourg-Ville
72%
23,798 Gare d'Austerlitz
65%
17,553 Gare de Nantes
62%
25,331 Gare de Lille-Flandres
58%
47,613 Gare de Châtelet - Les Halles
48%
31,729 Gare de la Défense
37%
36,960 Gare de Saint-Denis
36%
24,372 Gare de Versailles-Chantiers
34%
41,881 Gare de Juvisy
25%
23,481 Gare d'Ermont - Eaubonne
23%
38,771 Gare de Magenta
17%
26,713 Gare de Saint-Michel - Notre-Dame
16%
32,245 Gare du Val de Fontenay
13%
17,548 Gare d'Argenteuil
12%
18,129 Gare d'Asnières-sur-Seine
10%
26,975 Gare de la Bibliothèque François-Mitterrand
10%
18,359 Gare de Noisy-le-Sec
10%
31,683 Gare d'Aulnay-sous-Bois
9%
22,265 Gare de Garges - Sarcelles
8%
18,250 Gare de Houilles - Carrières-sur-Seine
6%
23,702 Gare du Bourget
6%
Aucun quiz correspondant
Distribution des résultats
% des personnes avec chaque résultat
Percentile par nombre de réponses
Votre historique - résultats
Vous n’avez pas pris ce quiz